[Event "Gebze op"]
[Site "Gebze"]
[Date "2013.10.03"]
[Round "1"]
[White "Javakhadze, Zurab"]
[Black "Tasan, Askin"]
[Result "1-0"]
[WhiteElo "2457"]
[BlackElo "1959"]
[PlyCount "129"]
[EventDate "2013.10.03"]
[EventType "swiss"]
[EventRounds "7"]
[EventCountry "TUR"]
[SourceTitle "CBM 157 Extra"]
[Source "ChessBase"]
[SourceDate "2013.12.19"]
[SourceVersion "1"]
[SourceVersionDate "2013.12.19"]
[SourceQuality "1"]

1. d4 Nf6 2. Nf3 e6 3. c4 b6 4. a3 Bb7 5. Nc3 c5 6. d5 exd5 7. cxd5 d6 8. e4 g6 9. Bf4 a6 10. Bd3 Bg7 11. 0-0 0-0 12. Rc1 Nh5 13. Bg5 Bf6 14. Be3 Bg7 15. b4 Nd7 16. bxc5 Nxc5 17. Bb1 Rc8 18. Nd4 Re8 19. Re1 b5 20. Nb3 Nxb3 21. Qxb3 Qa5 22. Na2 Rc4 23. Nb4 Rec8 24. Bd2 Qc7 25. Na2 Bd4 26. Bd3 Rxc1 27. Rxc1 Qb6 28. Rxc8+ Bxc8 29. Be1 Nf4 30. Bf1 Bd7 31. Nb4 a5 32. Nc2 Bc5 33. Qc3 Bg4 34. Qd2 Nh5 35. g3 Ng7 36. Kg2 a4 37. Qg5 Bd7 38. Bc3 Ne8 39. Qd2 Qd8 40. Bb2 f6 41. Nd4 Bxd4 42. Bxd4 Qc8 43. Bd3 Qb7 44. f3 Kg7 45. g4 Kg8 46. Qc3 Kf7 47. Kg3 Bc8 48. h4 Bd7 49. Qd2 Kg8 50. Qc1 b4 51. axb4 Qxb4 52. Qc3 Qxc3 53. Bxc3 Kf7 54. Kf4 Nc7 55. Bb4 Ke7 56. g5 fxg5+ 57. Kxg5 Bb5 58. Bc2 Na6 59. Ba3 Nc5 60. e5 Bd3 61. Bxd3 Nxd3 62. Bxd6+ Kd7 63. f4 Nb2 64. Bc5 Nc4 65. e6+ 1-0